The Oxford history of ancient Egypt / (Record no. 3161)
[ view plain ]
| 000 -LEADER | |
|---|---|
| fixed length control field | 03546cam a2200373 a 4500 |
| 001 - CONTROL NUMBER | |
| control field | 3161 |
| 003 - CONTROL NUMBER IDENTIFIER | |
| control field | FISKH |
| 005 - DATE AND TIME OF LATEST TRANSACTION | |
| control field | 20240215093936.0 |
| 008 - FIXED-LENGTH DATA ELEMENTS--GENERAL INFORMATION | |
| fixed length control field | 010213s2000 enkab b 001 0 eng d |
| 010 ## - LIBRARY OF CONGRESS CONTROL NUMBER | |
| LC control number | 2001274677 |
| 015 ## - NATIONAL BIBLIOGRAPHY NUMBER | |
| National bibliography number | GBAO-X7619 |
| 020 ## - INTERNATIONAL STANDARD BOOK NUMBER | |
| International Standard Book Number | 0198150342 |
| 035 ## - SYSTEM CONTROL NUMBER | |
| System control number | (OCoLC)ocm44153976 |
| 040 ## - CATALOGING SOURCE | |
| Original cataloging agency | UKM |
| Transcribing agency | UKM |
| Modifying agency | CNO |
| -- | VVC |
| -- | DLC |
| Language of cataloging | eng |
| 042 ## - AUTHENTICATION CODE | |
| Authentication code | lccopycat |
| 043 ## - GEOGRAPHIC AREA CODE | |
| Geographic area code | f-ua--- |
| 050 00 - LIBRARY OF CONGRESS CALL NUMBER | |
| Classification number | DT83 |
| Item number | .O95 2000 |
| 082 00 - DEWEY DECIMAL CLASSIFICATION NUMBER | |
| Classification number | 932 |
| Edition number | 21 |
| 245 04 - TITLE STATEMENT | |
| Title | The Oxford history of ancient Egypt / |
| Statement of responsibility, etc. | edited by Ian Shaw. |
| 260 ## - PUBLICATION, DISTRIBUTION, ETC. | |
| Place of publication, distribution, etc. | Oxford ; |
| -- | New York : |
| Name of publisher, distributor, etc. | Oxford University Press, |
| Date of publication, distribution, etc. | 2000. |
| 300 ## - PHYSICAL DESCRIPTION | |
| Extent | xv, 512 pages : |
| Other physical details | color illustrations, maps ; |
| Dimensions | 26 cm. |
| 504 ## - BIBLIOGRAPHY, ETC. NOTE | |
| Bibliography, etc. note | Includes bibliographical references and index. |
| 505 0# - FORMATTED CONTENTS NOTE | |
| Formatted contents note | Introduction : chronologies and cultural change in Egypt / Ian Shaw -- Prehistory : from the Palaeolithic to the Badarian culture (c. 700,000-4000 BC / Stan Hendrickx and Pierre Vermeersch -- The Naqada period (c. 4000-3200 BC) / Béatrix Midant-Reynes -- The emergence of the Egyptian state (c. 3200-2686 BC) / Kathryn A. Bard -- The Old Kingdom (c. 2686-2125 BC) / Jaromir Malek -- The First Intermediate period (c. 2160-2055 BC) / Stephan Seidlmayer -- The Middle Kingdom renaissance (c. 2055-1650 BC) / Gae Callender -- The Second Intermediate period (c. 1650-1550 BC) / Janine Bourriau -- The 18th dynasty before the Amarna period (c. 1550-1352 BC) / Betsy M. Bryan -- The Amarna period and the Later New Kingdom (c. 1352-1069 BC) / Jacobus Van Dijk -- Egypt and the outside world / Ian Shaw -- The Third Intermediate period (1069-664 BC) / John Taylor -- The Late period (664-332 BC) / Alan B. Lloyd -- The Ptolemaic period (332-30 BC) / Alan B. Lloyd -- The Roman period (30 BC-AD 395) / David Peacock. |
| 520 ## - SUMMARY, ETC. | |
| Summary, etc. | The Oxford History of Ancient Egypt uniquely covers 700,000 years of ancient Egypt, from c. 700,000 BC to AD 311. Following the story from the Egyptians' prehistoric origins to their conquest by the Persians, Greeks, and Romans, this book resurrects a fascinating society replete with remarkable historical information. It investigates such subjects as the changing nature of life and death in the Nile valley to some of the earliest masterpieces of art, architecture, and literature in the ancient world. The authors--an international team of experts working at the cutting edge of their particular fields--outline the principal sequence of political events, including detailed examinations of the three so-called 'intermediate periods' which were previously regarded as 'dark ages' and are only now beginning to be better understood. They also examine cultural and social patterns, including stylistic developments in art and literature. Addressing the issues surrounding this distinctive culture, vividly relating the rise and fall of ruling dynasties, exploring colourful personalities, and uncovering surprising facts.-- |
| 651 #0 - SUBJECT ADDED ENTRY--GEOGRAPHIC NAME | |
| Geographic name | Egypt |
| General subdivision | History |
| Chronological subdivision | To 640 A.D. |
| 700 1# - ADDED ENTRY--PERSONAL NAME | |
| Personal name | Shaw, Ian, |
| Dates associated with a name | 1961- |
| 856 41 - ELECTRONIC LOCATION AND ACCESS | |
| Materials specified | Table of contents only |
| Uniform Resource Identifier | <a href="http://www.loc.gov/catdir/enhancements/fy0611/2001274677-t.html">http://www.loc.gov/catdir/enhancements/fy0611/2001274677-t.html</a> |
| 856 42 - ELECTRONIC LOCATION AND ACCESS | |
| Materials specified | Publisher description |
| Uniform Resource Identifier | <a href="http://www.loc.gov/catdir/enhancements/fy0611/2001274677-d.html">http://www.loc.gov/catdir/enhancements/fy0611/2001274677-d.html</a> |
| 856 42 - ELECTRONIC LOCATION AND ACCESS | |
| Materials specified | Contributor biographical information |
| Uniform Resource Identifier | <a href="http://www.loc.gov/catdir/enhancements/fy0725/2001274677-b.html">http://www.loc.gov/catdir/enhancements/fy0725/2001274677-b.html</a> |
| 906 ## - LOCAL DATA ELEMENT F, LDF (RLIN) | |
| a | 7 |
| b | cbc |
| c | copycat |
| d | 2 |
| e | ncip |
| f | 20 |
| g | y-gencatlg |
| 942 ## - ADDED ENTRY ELEMENTS (KOHA) | |
| Source of classification or shelving scheme | Dewey Decimal Classification |
| Koha item type | Books |
| Suppress in OPAC | No |
| Withdrawn status | Lost status | Source of classification or shelving scheme | Damaged status | Not for loan | Collection | Home library | Current library | Shelving location | Date acquired | Total Checkouts | Full call number | Barcode | Date last seen | Price effective from | Koha item type |
|---|---|---|---|---|---|---|---|---|---|---|---|---|---|---|---|
| Dewey Decimal Classification | Damaged | Non-Fiction | Footprints International School Library Network Toul Kork Campus | Footprints International School Library Network Toul Kork Campus | 02/15/2024 | SHA 932 DT83 O95 2000 | FIS04957 | 02/15/2024 | 02/15/2024 | Books |
